000 00216nam a2200097Ia 4500
008 190216s9999||||xx |||||||||||||| ||und||
100 _aNamboodiri.A.P.P.
245 0 _aRektha Bandhangal
260 _bNull
942 _cBK
999 _c24429
_d24429